000 00400nam a2200169Ia 4500
001 25115
003 IN-NITTTR
005 20251114233319.0
008 251113s9999||||xx |||||||||||||| ||eng||
040 _beng
040 _cIN-NITTTR
041 _aeng
082 _a604.2 J558E
100 _aJeyapoovan, T.
245 0 _aEngineering drawing with AutoCAD 2000. /
_cJeyapoovan, T.
942 _2ddc
_cBK
999 _c27744
_d27744